000 00500 a2200181 4500
003 OSt
005 20231211121057.0
008 231130b |||||||| |||| 00| 0 eng d
020 _a9789356432468
040 _coclc
082 _a954
_bMAN/F
100 _aPillai, Manu S
_93242
245 _aVyajasakhyangal = False Allies /
_cManu S. Pillai
250 _a2nd ed.
260 _aKottayam:
_bD C Books,
_c2023.
300 _a616p.
942 _2ddc
_cBK
_h954
_iMAN/F
_k954
_mMAN/F
999 _c43900
_d43900